Chiesa padrona : un falso giuridico dai Patti Lateranensi a oggi /
I tiakina i:
| Kaituhi matua: | |
|---|---|
| Hōputu: | Pukapuka |
| Reo: | Itāriana |
| I whakaputaina: |
Milano :
Garzanti,
2009
|
| Rangatū: | Le forme
|
| Ngā marau: | |
| Ngā Tūtohu: |
Kāore He Tūtohu, Me noho koe te mea tuatahi ki te tūtohu i tēnei pūkete!
|
MARC
| LEADER | 00000nam a2200000 i 4500 | ||
|---|---|---|---|
| 001 | IT\ICCU\MOD\1520298 | ||
| 003 | ItRI | ||
| 005 | 20240130132657.0 | ||
| 008 | 090202s2009 it |||||| ||||| |||||c | ||
| 015 | |2 IT |a 2009-232 | ||
| 020 | |a 9788811600862 | ||
| 040 | |b ita |c GP | ||
| 041 | 7 | |a ita |2 ISO-639-2 | |
| 082 | |a 322.1 |2 19 | ||
| 100 | 1 | |a Ainis, Michele |0 IT\ICCU\CFIV\034263 |4 aut | |
| 245 | 1 | 0 | |a Chiesa padrona : |b un falso giuridico dai Patti Lateranensi a oggi / |c Michele Ainis. |
| 260 | |a Milano : |b Garzanti, |c 2009 | ||
| 300 | |a 115 p. ; |c 21 cm. | ||
| 650 | 7 | |a Chiesa |x Rapporti [con lo] Stato |x Italia |2 nsbncf | |
| 830 | 3 | |a Le forme |0 IT\ICCU\MIL\0718758 | |
| 942 | |2 ddc |c BK | ||
| 952 | |0 0 |1 0 |2 ddc |4 0 |6 322_109000000000000_AIN |7 1 |9 523 |a RM |b RM |d 2024-01-23 |l 0 |o 322.109 AIN |p 12 |r 2024-01-23 19:19:22 |w 2024-01-23 |y BK | ||
| 981 | 1 | |6 z01 |a i |b xxxe | |
| 982 | 1 | |6 z01 |a n | |
| 999 | |c 448 |d 448 | ||